[Event "PMPJ 2022 - C17"]
[Site "Jastrzebia Gora"]
[Date "2022.11.09"]
[Round "6.25"]
[White "Holynski, Szymon"]
[Black "Sewera, Wiktor"]
[Result "0-1"]
[BlackElo "1425"]
[WhiteElo "1355"]
[LiveChessVersion "1.4.8"]

1. Nf3 {[%clk 1:30:57]} d5 {[%clk 1:30:46]} 2. c4 {[%clk 1:30:42]} d4
{[%clk 1:31:01]} 3. b4 {[%clk 1:29:34]} c5 {[%clk 1:25:59]} 4. e3
{[%clk 1:22:02]} Bg4 {[%clk 1:17:32]} 5. h3 {[%clk 1:20:59]} Bh5 {[%clk 1:16:58]}
6. g4 {[%clk 1:10:07]} Bg6 {[%clk 1:16:55]} 7. exd4 {[%clk 1:00:50]} cxd4
{[%clk 1:16:52]} 8. d3 {[%clk 0:57:05]} f6 {[%clk 1:13:25]} 9. Bg2
{[%clk 0:48:37]} e5 {[%clk 1:10:28]} 10. a3 {[%clk 0:45:08]} Nd7 {[%clk 1:07:52]}
11. Bb2 {[%clk 0:38:59]} Nb6 {[%clk 1:01:12]} 12. O-O {[%clk 0:32:10]} Nh6
{[%clk 1:00:28]} 13. Re1 {[%clk 0:30:58]} Be7 {[%clk 1:00:04]} 14. c5
{[%clk 0:19:37]} Nd5 {[%clk 0:57:36]} 15. Qa4+ {[%clk 0:17:46]} Kf8
{[%clk 0:55:30]} 16. Nxe5 {[%clk 0:13:56]} fxe5 {[%clk 0:54:58]} 17. Rxe5
{[%clk 0:14:18]} Nf4 {[%clk 0:53:21]} 18. Bxb7 {[%clk 0:13:32]} Nxh3+
{[%clk 0:51:59]} 19. Kg2 {[%clk 0:13:37]} Nf4+ {[%clk 0:46:54]} 20. Kf3
{[%clk 0:08:24]} Nxd3 {[%clk 0:44:04]} 21. Rd5 {[%clk 0:07:29]} Qb8
{[%clk 0:43:40]} 22. Rxd4 {[%clk 0:05:52]} Qxb7+ {[%clk 0:43:42]} 23. c6
{[%clk 0:04:11]} Ne5+ {[%clk 0:41:50]} 24. Kg3 {[%clk 0:04:16]} Qc7
{[%clk 0:39:45]} 25. Nd2 {[%clk 0:03:05]} Nd3+ {[%clk 0:35:55]} 0-1

[Event "PMPJ 2022 - C17"]
[Site "Jastrzebia Gora"]
[Date "2022.11.09"]
[Round "6.27"]
[White "Kreciglowa, Kamil"]
[Black "Mazurek, Mateusz"]
[Result "0-1"]
[BlackElo "1189"]
[WhiteElo "1282"]
[LiveChessVersion "1.4.8"]

1. e4 e6 2. b3 d5 3. Bb2 dxe4 4. Nc3 b6 5. Nxe4 Bb7 6. Qe2 Nc6 7. Nf3 Qd7 8. g3
O-O-O 9. O-O-O f6 10. Bh3 Re8 11. Rhe1 Nb4 12. a3 Ba6 13. d3 Nd5 14. Nxf6 Ngxf6
15. Bxe6 Rxe6 16. Qxe6 Bd6 17. Qxd7+ Kxd7 18. Rd2 Re8 19. Rxe8 Kxe8 20. Ne5 Bxe5
21. Bxe5 Kd7 22. Re2 Bb7 23. Kd2 c5 24. c4 Ne7 25. Bb8 Nc6 26. Be5 Nxe5 27. Rxe5
Kd6 28. Rg5 g6 29. Ke3 Bc8 30. f3 Bf5 31. g4 h6 32. gxf5 hxg5 33. fxg6 Ke5 34. h3
Ne8 35. b4 Nd6 36. d4+ cxd4+ 37. Kd3 Kf6 38. Kxd4 Kxg6 39. c5 bxc5+ 40. bxc5 Nb5+
41. Kc4 Nc7 42. c6 Kf6 43. Kd4 Kf5 44. Ke3 Ke5 45. h4 Nd5+ 46. Kd3 Nb4+ 47. Kc4
Nxc6 48. Kc5 Nd4 49. h5 Nxf3 0-1

[Event "PMPJ 2022 - C17"]
[Site "Jastrzebia Gora"]
[Date "2022.11.10"]
[Round "7.1"]
[White "Lis, Maksymilian"]
[Black "Taranowicz, Michal"]
[Result "1/2-1/2"]
[BlackElo "1797"]
[WhiteElo "1684"]
[LiveChessVersion "1.4.8"]

1. d4 {[%clk 1:30:55]} d5 {[%clk 1:30:55]} 2. c4 {[%clk 1:31:19]} c6
{[%clk 1:31:20]} 3. cxd5 {[%clk 1:30:45]} cxd5 {[%clk 1:31:44]} 4. Nf3
{[%clk 1:31:04]} Nf6 {[%clk 1:32:09]} 5. Nc3 {[%clk 1:31:27]} Bf5
{[%clk 1:31:31]} 6. Bf4 {[%clk 1:31:33]} Nc6 {[%clk 1:31:44]} 7. e3
{[%clk 1:31:45]} Qb6 {[%clk 1:30:27]} 8. Qb3 {[%clk 1:31:08]} Qxb3
{[%clk 1:29:49]} 9. axb3 {[%clk 1:31:35]} a6 {[%clk 1:29:17]} 10. Be2
{[%clk 1:29:22]} e6 {[%clk 1:27:49]} 11. O-O {[%clk 1:29:44]} Bb4
{[%clk 1:26:37]} 12. Ne5 {[%clk 1:26:16]} Nxe5 {[%clk 1:25:08]} 13. Bxe5
{[%clk 1:26:38]} Ke7 {[%clk 1:24:55]} 14. Bxf6+ {[%clk 1:26:52]} Kxf6
{[%clk 1:22:40]} 15. Rfc1 {[%clk 1:24:18]} Rhc8 {[%clk 1:13:43]} 16. h4
{[%clk 1:09:26]} h6 {[%clk 1:07:34]} 17. Na4 {[%clk 1:08:52]} Bd2
{[%clk 1:07:27]} 18. Rxc8 {[%clk 1:09:03]} Rxc8 {[%clk 1:07:50]} 19. Nc5
{[%clk 1:09:05]} Rc7 {[%clk 1:07:10]} 20. Rd1 {[%clk 0:54:49]} Ba5
{[%clk 0:59:43]} 21. Bd3 {[%clk 0:52:06]} Bb4 {[%clk 0:57:00]} 22. Bxf5
{[%clk 0:47:22]} Bxc5 {[%clk 0:57:19]} 23. Bd3 {[%clk 0:45:00]} Bb6
{[%clk 0:57:38]} 24. Kf1 {[%clk 0:36:50]} e5 {[%clk 0:56:54]} 25. dxe5+
{[%clk 0:37:12]} Kxe5 {[%clk 0:57:18]} 26. Ke2 {[%clk 0:36:51]} f5
{[%clk 0:57:00]} 27. g3 {[%clk 0:36:28]} Rc5 {[%clk 0:54:32]} 28. b4
{[%clk 0:36:12]} Rc8 {[%clk 0:52:47]} 29. Kf3 {[%clk 0:34:21]} Bd8
{[%clk 0:52:19]} 30. h5 {[%clk 0:33:31]} b5 {[%clk 0:48:55]} 31. g4
{[%clk 0:33:30]} fxg4+ {[%clk 0:48:53]} 32. Kxg4 {[%clk 0:33:54]} Be7
{[%clk 0:47:56]} 33. f4+ {[%clk 0:34:13]} Kf6 {[%clk 0:47:32]} 34. Bf5
{[%clk 0:34:27]} Rd8 {[%clk 0:46:21]} 35. Rd4 {[%clk 0:34:37]} Rd6
{[%clk 0:45:17]} 36. Bc8 {[%clk 0:24:04]} Kf7 {[%clk 0:43:21]} 37. e4
{[%clk 0:21:36]} dxe4 {[%clk 0:43:28]} 38. Rxd6 {[%clk 0:21:59]} Bxd6
{[%clk 0:43:53]} 39. Bxa6 {[%clk 0:22:20]} Bxb4 {[%clk 0:43:48]} 1/2-1/2

[Event "PMPJ 2022 - C17"]
[Site "Jastrzebia Gora"]
[Date "2022.11.10"]
[Round "7.2"]
[White "Sternik, Piotr"]
[Black "Kozlowski, Franciszek"]
[Result "1/2-1/2"]
[BlackElo "1842"]
[WhiteElo "1726"]
[LiveChessVersion "1.4.8"]

1. Nf3 {[%clk 1:30:43]} d5 {[%clk 1:30:40]} 2. d4 {[%clk 1:31:10]} e6
{[%clk 1:30:36]} 3. c4 {[%clk 1:31:21]} Nf6 {[%clk 1:30:12]} 4. Bg5
{[%clk 1:31:32]} Be7 {[%clk 1:29:00]} 5. Nc3 {[%clk 1:31:51]} O-O
{[%clk 1:28:34]} 6. e3 {[%clk 1:31:56]} h6 {[%clk 1:28:16]} 7. Bh4
{[%clk 1:32:17]} Ne4 {[%clk 1:24:40]} 8. Bxe7 {[%clk 1:32:13]} Qxe7
{[%clk 1:23:48]} 9. Bd3 {[%clk 1:24:12]} Nxc3 {[%clk 1:23:24]} 10. bxc3
{[%clk 1:24:38]} dxc4 {[%clk 1:22:57]} 11. Bxc4 {[%clk 1:25:04]} b6
{[%clk 1:21:18]} 12. O-O {[%clk 1:24:21]} Bb7 {[%clk 1:20:03]} 13. Re1
{[%clk 1:23:57]} Nc6 {[%clk 1:17:26]} 14. Qc2 {[%clk 1:15:09]} Na5
{[%clk 1:15:53]} 15. Be2 {[%clk 1:15:11]} c5 {[%clk 1:14:00]} 16. Rad1
{[%clk 1:03:50]} Rac8 {[%clk 1:13:21]} 17. Qb1 {[%clk 1:04:01]} Rfd8
{[%clk 1:06:12]} 18. Ne5 {[%clk 0:51:27]} Nc6 {[%clk 1:03:24]} 19. Nd3
{[%clk 0:48:55]} cxd4 {[%clk 1:03:20]} 20. cxd4 {[%clk 0:49:21]} e5
{[%clk 1:02:17]} 21. dxe5 {[%clk 0:48:23]} Nxe5 {[%clk 1:02:31]} 22. Nxe5
{[%clk 0:48:04]} Qxe5 {[%clk 1:02:56]} 23. Bg4 {[%clk 0:47:15]} Rb8
{[%clk 1:00:16]} 24. Qf5 {[%clk 0:26:15]} Qxf5 {[%clk 0:59:27]} 25. Bxf5
{[%clk 0:26:40]} g6 {[%clk 0:58:19]} 26. Bc2 {[%clk 0:26:15]} Bd5
{[%clk 0:58:27]} 27. Bb1 {[%clk 0:24:24]} Be6 {[%clk 0:58:44]} 28. e4
{[%clk 0:24:36]} Rxd1 {[%clk 0:58:42]} 29. Rxd1 {[%clk 0:25:05]} Rb7
{[%clk 0:58:10]} 30. f4 {[%clk 0:24:42]} Rd7 {[%clk 0:58:29]} 31. Rxd7
{[%clk 0:22:53]} Bxd7 {[%clk 0:58:53]} 32. Kf2 {[%clk 0:23:20]} Kf8
{[%clk 0:58:09]} 33. Ke3 {[%clk 0:23:41]} Ke7 {[%clk 0:56:15]} 34. Kd4
{[%clk 0:22:45]} Bc8 {[%clk 0:55:29]} 35. g3 {[%clk 0:22:52]} a5 {[%clk 0:54:59]}
36. h4 {[%clk 0:21:39]} Be6 {[%clk 0:54:16]} 37. h5 {[%clk 0:20:02]} gxh5
{[%clk 0:54:05]} 38. f5 {[%clk 0:20:29]} Bd7 {[%clk 0:53:14]} 39. Ke5
{[%clk 0:19:20]} f6+ {[%clk 0:53:31]} 40. Kd5 {[%clk 0:19:49]} b5
{[%clk 0:52:26]} 41. a3 {[%clk 0:20:00]} b4 {[%clk 0:52:32]} 42. axb4
{[%clk 0:19:14]} axb4 {[%clk 0:52:58]} 43. e5 {[%clk 0:19:41]} h4
{[%clk 0:50:15]} 44. gxh4 {[%clk 0:19:59]} fxe5 {[%clk 0:50:15]} 45. Kxe5
{[%clk 0:20:21]} Bxf5 {[%clk 0:50:18]} 46. Kxf5 {[%clk 0:20:47]} Kf7
{[%clk 0:50:42]} 47. Ba2+ {[%clk 0:21:11]} Kg7 {[%clk 0:51:07]} 1/2-1/2

[Event "PMPJ 2022 - C17"]
[Site "Jastrzebia Gora"]
[Date "2022.11.10"]
[Round "7.3"]
[White "Biesiadecki, Adam"]
[Black "Krasniewski, Szymon"]
[Result "1/2-1/2"]
[BlackElo "1645"]
[WhiteElo "1706"]
[LiveChessVersion "1.4.8"]

1. d4 {[%clk 1:30:58]} g6 {[%clk 1:30:52]} 2. Nf3 {[%clk 1:31:14]} Bg7
{[%clk 1:31:18]} 3. c4 {[%clk 1:31:07]} d6 {[%clk 1:31:39]} 4. Nc3
{[%clk 1:31:22]} Nf6 {[%clk 1:31:19]} 5. e4 {[%clk 1:31:40]} O-O {[%clk 1:31:44]}
6. Be2 {[%clk 1:31:57]} e5 {[%clk 1:32:09]} 7. Be3 {[%clk 1:31:36]} exd4
{[%clk 1:32:34]} 8. Nxd4 {[%clk 1:31:41]} Re8 {[%clk 1:32:58]} 9. Qc2
{[%clk 1:31:20]} c6 {[%clk 1:32:36]} 10. O-O {[%clk 1:31:22]} d5 {[%clk 1:32:19]}
11. cxd5 {[%clk 1:30:36]} cxd5 {[%clk 1:32:43]} 12. exd5 {[%clk 1:29:58]} Nxd5
{[%clk 1:32:04]} 13. Nxd5 {[%clk 1:30:06]} Qxd5 {[%clk 1:32:25]} 14. Bf3
{[%clk 1:30:12]} Qa5 {[%clk 1:30:27]} 15. Rfd1 {[%clk 1:28:19]} Nd7
{[%clk 1:26:12]} 16. b4 {[%clk 1:10:00]} Qxb4 {[%clk 1:22:26]} 17. Rab1
{[%clk 1:09:27]} Qa5 {[%clk 1:13:15]} 18. Bxb7 {[%clk 1:06:09]} Bxb7
{[%clk 1:13:19]} 19. Rxb7 {[%clk 1:06:33]} Bxd4 {[%clk 1:10:45]} 20. Rxd7
{[%clk 1:06:10]} Bxe3 {[%clk 1:10:14]} 21. fxe3 {[%clk 1:06:21]} Qe5
{[%clk 1:07:04]} 22. Qf2 {[%clk 1:05:46]} Re7 {[%clk 1:04:10]} 23. Rxe7
{[%clk 1:05:28]} Qxe7 {[%clk 1:04:36]} 24. Qd2 {[%clk 1:05:35]} Re8
{[%clk 1:04:37]} 25. Re1 {[%clk 1:05:42]} Rd8 {[%clk 1:04:28]} 26. Qc2
{[%clk 1:04:43]} Qd6 {[%clk 1:04:02]} 27. Re2 {[%clk 1:04:50]} Qd3
{[%clk 1:03:05]} 28. Qxd3 {[%clk 1:04:40]} Rxd3 {[%clk 1:03:31]} 29. Kf2
{[%clk 1:05:02]} Kg7 {[%clk 1:03:51]} 30. Rc2 {[%clk 1:04:55]} Ra3
{[%clk 1:04:15]} 31. Kf3 {[%clk 1:05:14]} Kf6 {[%clk 1:04:32]} 32. Ke4 1/2-1/2

[Event "PMPJ 2022 - C17"]
[Site "Jastrzebia Gora"]
[Date "2022.11.10"]
[Round "7.4"]
[White "Karut, Kacper"]
[Black "Rzenca, Jerzy"]
[Result "1-0"]
[BlackElo "1631"]
[WhiteElo "1794"]
[LiveChessVersion "1.4.8"]

1. e4 {[%clk 1:30:58]} c6 {[%clk 1:30:47]} 2. d4 {[%clk 1:31:14]} d5
{[%clk 1:31:11]} 3. Nc3 {[%clk 1:31:41]} dxe4 {[%clk 1:31:35]} 4. Nxe4
{[%clk 1:32:07]} Bf5 {[%clk 1:32:02]} 5. Ng3 {[%clk 1:32:31]} Bg6
{[%clk 1:32:25]} 6. h4 {[%clk 1:32:24]} h6 {[%clk 1:32:49]} 7. Nf3
{[%clk 1:32:46]} Nd7 {[%clk 1:33:13]} 8. h5 {[%clk 1:32:58]} Bh7 {[%clk 1:33:37]}
9. Bd3 {[%clk 1:33:22]} Bxd3 {[%clk 1:34:02]} 10. Qxd3 {[%clk 1:33:48]} e6
{[%clk 1:34:25]} 11. Bd2 {[%clk 1:33:45]} Ngf6 {[%clk 1:34:43]} 12. O-O-O
{[%clk 1:33:58]} Be7 {[%clk 1:35:09]} 13. Kb1 {[%clk 1:34:04]} Qb6
{[%clk 1:35:34]} 14. Rhe1 {[%clk 1:33:22]} O-O {[%clk 1:35:51]} 15. Nf5
{[%clk 1:32:41]} exf5 {[%clk 1:36:16]} 16. Rxe7 {[%clk 1:32:59]} Qd8
{[%clk 1:36:42]} 17. Re2 {[%clk 1:32:48]} Ne4 {[%clk 1:37:07]} 18. Bc1
{[%clk 1:32:20]} Ndf6 {[%clk 1:23:12]} 19. Nh4 {[%clk 1:29:24]} Qd7
{[%clk 1:11:04]} 20. Qf3 {[%clk 1:26:09]} Nd6 {[%clk 1:08:31]} 21. Re5
{[%clk 1:07:01]} Nd5 {[%clk 0:58:12]} 22. Rde1 {[%clk 0:56:17]} Rae8
{[%clk 0:36:27]} 23. Rxe8 {[%clk 0:51:02]} Rxe8 {[%clk 0:36:52]} 24. Rxe8+
{[%clk 0:51:26]} Qxe8 {[%clk 0:37:13]} 25. Nxf5 {[%clk 0:50:53]} Nxf5
{[%clk 0:36:52]} 26. Qxf5 {[%clk 0:51:19]} Qe7 {[%clk 0:36:32]} 27. a3
{[%clk 0:47:15]} a6 {[%clk 0:34:57]} 28. g4 {[%clk 0:46:33]} f6 {[%clk 0:29:56]}
29. f4 {[%clk 0:41:15]} Ne3 {[%clk 0:24:29]} 30. Bxe3 {[%clk 0:34:16]} Qxe3
{[%clk 0:24:53]} 31. d5 {[%clk 0:32:31]} Qg1+ {[%clk 0:16:21]} 32. Ka2
{[%clk 0:32:56]} cxd5 {[%clk 0:15:18]} 33. Qxd5+ {[%clk 0:33:18]} Kh7
{[%clk 0:15:44]} 34. Qf5+ {[%clk 0:33:00]} Kh8 {[%clk 0:15:21]} 35. c4
{[%clk 0:28:00]} Qg2 {[%clk 0:14:53]} 36. Kb3 {[%clk 0:23:20]} Qc6
{[%clk 0:12:49]} 37. Kc3 {[%clk 0:17:58]} Qf3+ {[%clk 0:11:24]} 38. Kb4
{[%clk 0:16:44]} Qc6 {[%clk 0:11:27]} 39. Qc5 {[%clk 0:16:01]} Qd7
{[%clk 0:11:52]} 40. Qf5 {[%clk 0:15:14]} Qc6 {[%clk 0:12:07]} 41. a4
{[%clk 0:09:59]} Qb6+ {[%clk 0:10:52]} 42. Ka3 {[%clk 0:09:02]} Qe3+
{[%clk 0:11:00]} 43. b3 {[%clk 0:09:16]} Qc1+ {[%clk 0:08:10]} 44. Kb4
{[%clk 0:08:08]} Qd2+ {[%clk 0:08:35]} 45. Kc5 {[%clk 0:07:03]} Qd8
{[%clk 0:05:49]} 46. Qe6 {[%clk 0:04:11]} Qc7+ {[%clk 0:05:41]} 47. Kd5
{[%clk 0:02:24]} Qxf4 {[%clk 0:05:25]} 48. Qc8+ {[%clk 0:00:44]} Kh7
{[%clk 0:05:53]} 49. Qf5+ {[%clk 0:01:01]} Qxf5+ {[%clk 0:06:14]} 50. gxf5
{[%clk 0:01:27]} Kg8 {[%clk 0:06:34]} 51. b4 {[%clk 0:01:28]} Kf7
{[%clk 0:06:47]} 52. Kd6 {[%clk 0:01:51]} 1-0

[Event "PMPJ 2022 - C17"]
[Site "Jastrzebia Gora"]
[Date "2022.11.10"]
[Round "7.5"]
[White "Kotowicz, Kamil"]
[Black "Maciaszek, Karol"]
[Result "1-0"]
[BlackElo "1631"]
[WhiteElo "1775"]
[LiveChessVersion "1.4.8"]

1. d4 Nf6 2. c4 c5 3. d5 b5 4. cxb5 a6 5. b6 e6 6. Nc3 exd5 7. Nxd5 Nxd5 8. Qxd5
Nc6 9. e4 Be7 10. Nf3 Bb7 11. Ne5 O-O 12. Be3 Qxb6 13. Nc4 Qc7 14. Qd2 Rfe8 15.
Be2 Nd4 16. Bd3 d5 17. exd5 Bxd5 18. O-O Bf6 19. Rac1 Rad8 20. Bf4 Qd7 21. Ne3
Be4 22. Bxe4 Nf3+ 23. gxf3 Qxd2 24. Rc2 Qb4 25. a3 Qb5 26. Rfc1 g6 27. Nd5 Bd4
28. Nc7 Qd7 29. Nxe8 Rxe8 30. Rd2 f5 31. Bd3 g5 32. Be3 Rxe3 33. Bc4+ Kg7 34. Kg2
Re7 35. b4 Qa7 36. Rcd1 Bc3 37. Rd8 h6 38. Rg8+ Kh7 39. Rdd8 g4 40. fxg4 fxg4 41.
Bd3+ 1-0

[Event "PMPJ 2022 - C17"]
[Site "Jastrzebia Gora"]
[Date "2022.11.10"]
[Round "7.6"]
[White "Smetek, Michal"]
[Black "Kossowski, Pawel"]
[Result "1/2-1/2"]
[BlackElo "1773"]
[WhiteElo "1731"]
[LiveChessVersion "1.4.8"]

1. d4 {[%clk 1:30:57]} Nf6 {[%clk 1:30:54]} 2. c4 {[%clk 1:31:21]} e6
{[%clk 1:31:19]} 3. Nc3 {[%clk 1:31:32]} Bb4 {[%clk 1:31:41]} 4. Qc2
{[%clk 1:31:58]} O-O {[%clk 1:31:42]} 5. Nf3 {[%clk 1:32:15]} c5 {[%clk 1:31:02]}
6. dxc5 {[%clk 1:32:23]} Na6 {[%clk 1:30:40]} 7. g3 {[%clk 1:32:09]} Nxc5
{[%clk 1:26:35]} 8. Bg2 {[%clk 1:32:20]} Nce4 {[%clk 1:15:01]} 9. O-O
{[%clk 1:32:42]} Bxc3 {[%clk 1:12:49]} 10. bxc3 {[%clk 1:33:05]} Qa5
{[%clk 1:05:32]} 11. Bb2 {[%clk 1:31:33]} b6 {[%clk 1:02:47]} 12. Nd4
{[%clk 1:06:16]} Bb7 {[%clk 0:59:36]} 13. f3 {[%clk 1:03:58]} Nd6
{[%clk 0:57:36]} 14. Qd3 {[%clk 0:52:00]} Qc5 {[%clk 0:54:47]} 15. Kh1
{[%clk 0:44:58]} Nxc4 {[%clk 0:53:31]} 16. Bc1 {[%clk 0:43:59]} d5
{[%clk 0:50:58]} 17. Nb3 {[%clk 0:40:15]} Qe7 {[%clk 0:48:42]} 18. a4
{[%clk 0:37:12]} Nd7 {[%clk 0:32:14]} 19. Qc2 {[%clk 0:35:48]} Nc5
{[%clk 0:30:24]} 20. Nd4 {[%clk 0:33:00]} Rac8 {[%clk 0:29:21]} 21. h4
{[%clk 0:30:09]} h6 {[%clk 0:28:48]} 22. Bh3 {[%clk 0:28:06]} Rfd8
{[%clk 0:28:09]} 23. Kh2 {[%clk 0:25:58]} Bc6 {[%clk 0:21:48]} 24. Rg1
{[%clk 0:19:20]} Bd7 {[%clk 0:15:24]} 25. g4 {[%clk 0:18:15]} e5 {[%clk 0:11:25]}
26. Nf5 {[%clk 0:17:05]} Bxf5 {[%clk 0:11:12]} 27. gxf5 {[%clk 0:17:24]} Rc6
{[%clk 0:09:33]} 28. Rg4 {[%clk 0:15:26]} e4 {[%clk 0:08:25]} 29. Bf4
{[%clk 0:15:01]} Ne5 {[%clk 0:08:12]} 30. Bxe5 {[%clk 0:14:21]} Qxe5+
{[%clk 0:08:37]} 31. f4 {[%clk 0:14:45]} Qf6 {[%clk 0:08:01]} 32. Rag1
{[%clk 0:15:05]} Kh8 {[%clk 0:06:44]} 33. Rxg7 {[%clk 0:11:20]} Qxg7
{[%clk 0:07:09]} 34. Rxg7 {[%clk 0:11:45]} Kxg7 {[%clk 0:07:36]} 35. Qd2
{[%clk 0:09:41]} Kh7 {[%clk 0:04:57]} 36. f6 {[%clk 0:06:56]} Rxf6
{[%clk 0:04:43]} 37. Qd4 {[%clk 0:07:13]} Rdd6 {[%clk 0:03:56]} 38. Qe5
{[%clk 0:07:04]} Nxa4 {[%clk 0:03:05]} 39. c4 {[%clk 0:07:30]} dxc4
{[%clk 0:02:51]} 40. Qxe4+ {[%clk 0:07:34]} Kg7 {[%clk 0:03:13]} 41. Qxc4
{[%clk 0:06:47]} Nc5 {[%clk 0:02:54]} 42. f5 {[%clk 0:06:24]} a5 {[%clk 0:01:51]}
43. e4 {[%clk 0:05:29]} Rd2+ {[%clk 0:02:15]} 44. Bg2 {[%clk 0:03:29]} Rfd6
{[%clk 0:01:13]} 45. Qc3+ {[%clk 0:02:59]} R6d4 {[%clk 0:01:31]} 46. Qg3+
{[%clk 0:02:24]} Kf6 {[%clk 0:01:17]} 47. Qf4 {[%clk 0:01:15]} Nxe4
{[%clk 0:01:29]} 48. Qxh6+ {[%clk 0:01:29]} Kxf5 {[%clk 0:01:52]} 49. Qxb6
{[%clk 0:01:10]} a4 {[%clk 0:01:47]} 50. h5 {[%clk 0:01:16]} Nf6 {[%clk 0:01:32]}
51. Qa5+ {[%clk 0:00:54]} Rd5 {[%clk 0:00:59]} 52. Qxa4 {[%clk 0:00:56]} Nxh5
{[%clk 0:01:13]} 53. Qe4+ {[%clk 0:01:07]} Kg5 {[%clk 0:01:30]} 54. Qxd5+
{[%clk 0:01:15]} Rxd5 {[%clk 0:01:49]} 55. Bxd5 {[%clk 0:01:43]} f5
{[%clk 0:02:16]} 56. Bb7 {[%clk 0:01:47]} f4 {[%clk 0:02:20]} 57. Kg2
{[%clk 0:02:09]} Nf6 {[%clk 0:02:21]} 58. Kf3 {[%clk 0:02:20]} Nd7
{[%clk 0:02:38]} 59. Kf2 {[%clk 0:02:32]} Ne5 {[%clk 0:02:53]} 60. Bc8
{[%clk 0:02:32]} Nd3+ {[%clk 0:02:52]} 61. Kf3 {[%clk 0:02:50]} Nc5
{[%clk 0:03:00]} 1/2-1/2

[Event "PMPJ 2022 - C17"]
[Site "Jastrzebia Gora"]
[Date "2022.11.10"]
[Round "7.7"]
[White "Pieczulis, Blazej"]
[Black "Zeissel, Andrzej"]
[Result "1/2-1/2"]
[BlackElo "1654"]
[WhiteElo "1693"]
[LiveChessVersion "1.4.8"]

1. d4 {[%clk 1:30:45]} f5 {[%clk 1:30:54]} 2. c4 {[%clk 1:31:06]} Nf6
{[%clk 1:31:20]} 3. Nf3 {[%clk 1:31:18]} g6 {[%clk 1:31:45]} 4. g3
{[%clk 1:31:31]} Bg7 {[%clk 1:32:12]} 5. Bg2 {[%clk 1:31:56]} O-O
{[%clk 1:32:37]} 6. Nc3 {[%clk 1:32:20]} d6 {[%clk 1:33:04]} 7. O-O
{[%clk 1:32:45]} c6 {[%clk 1:33:33]} 8. d5 {[%clk 1:29:47]} e5 {[%clk 1:33:56]}
9. e4 {[%clk 1:20:11]} cxd5 {[%clk 1:24:43]} 10. cxd5 {[%clk 1:20:28]} Na6
{[%clk 1:19:05]} 11. Be3 {[%clk 1:13:53]} Ng4 {[%clk 1:13:24]} 12. Bd2
{[%clk 1:04:45]} Nc5 {[%clk 1:01:59]} 13. Ng5 {[%clk 0:54:54]} f4
{[%clk 0:50:11]} 14. Nh3 {[%clk 0:46:21]} g5 {[%clk 0:39:31]} 15. f3
{[%clk 0:43:33]} Nh6 {[%clk 0:38:31]} 16. g4 {[%clk 0:43:31]} Qb6
{[%clk 0:37:50]} 17. Kh1 {[%clk 0:40:03]} Nf7 {[%clk 0:36:28]} 18. Qc2
{[%clk 0:33:20]} Bd7 {[%clk 0:36:14]} 19. Rfc1 {[%clk 0:32:54]} Rfc8
{[%clk 0:34:16]} 20. Rab1 {[%clk 0:29:52]} a5 {[%clk 0:33:58]} 21. b3
{[%clk 0:29:03]} Qd8 {[%clk 0:31:26]} 22. Bf1 {[%clk 0:27:26]} h5
{[%clk 0:29:07]} 23. Nf2 {[%clk 0:26:49]} hxg4 {[%clk 0:28:55]} 24. Nxg4
{[%clk 0:26:36]} Bxg4 {[%clk 0:29:13]} 25. fxg4 {[%clk 0:27:00]} Qf6
{[%clk 0:27:29]} 26. Be1 {[%clk 0:26:26]} Nh6 {[%clk 0:25:16]} 27. h3
{[%clk 0:26:39]} Kf7 {[%clk 0:25:13]} 28. Qe2 {[%clk 0:25:12]} Rh8
{[%clk 0:24:27]} 29. Kg1 {[%clk 0:25:35]} Rh7 {[%clk 0:23:32]} 30. Qf3
{[%clk 0:25:36]} Rah8 {[%clk 0:22:23]} 31. Rc2 {[%clk 0:24:38]} Bf8
{[%clk 0:21:04]} 32. Rbc1 {[%clk 0:24:21]} Qg6 {[%clk 0:20:26]} 33. Bg2
{[%clk 0:24:06]} Nd7 {[%clk 0:20:07]} 34. Nb5 {[%clk 0:23:51]} Be7
{[%clk 0:17:58]} 35. Bxa5 {[%clk 0:23:02]} Nf6 {[%clk 0:16:04]} 36. Be1
{[%clk 0:20:41]} Nhxg4 {[%clk 0:15:27]} 37. hxg4 {[%clk 0:20:37]} Qh6
{[%clk 0:15:52]} 38. Kf1 {[%clk 0:12:03]} Kg6 {[%clk 0:12:59]} 39. Bf2
{[%clk 0:10:39]} Qh2 {[%clk 0:12:34]} 40. Rc3 {[%clk 0:10:58]} Rh4
{[%clk 0:07:23]} 41. Bxh4 {[%clk 0:10:43]} Rxh4 {[%clk 0:07:50]} 42. Kf2
{[%clk 0:10:57]} Nxg4+ {[%clk 0:08:05]} 43. Ke2 Ne3 {[%clk 0:07:52]} 44. Rxe3
{[%clk 0:02:35]} g4 {[%clk 0:08:17]} 45. Qf2 {[%clk 0:03:02]} fxe3
{[%clk 0:08:37]} 46. Kxe3 {[%clk 0:03:19]} Bg5+ {[%clk 0:08:51]} 47. Ke2
{[%clk 0:03:12]} Bxc1 {[%clk 0:09:15]} 48. Qf5+ {[%clk 0:03:34]} Kg7
{[%clk 0:08:49]} 49. Qd7+ {[%clk 0:03:46]} 1/2-1/2

[Event "PMPJ 2022 - C17"]
[Site "Jastrzebia Gora"]
[Date "2022.11.10"]
[Round "7.8"]
[White "Madajczak, Piotr"]
[Black "Melerowicz, Dominik"]
[Result "1/2-1/2"]
[BlackElo "1850"]
[WhiteElo "1902"]
[LiveChessVersion "1.4.8"]

1. c4 {[%clk 1:30:58]} Nf6 {[%clk 1:30:51]} 2. Nc3 {[%clk 1:31:21]} c5
{[%clk 1:31:06]} 3. Nf3 {[%clk 1:30:59]} g6 {[%clk 1:31:09]} 4. e4
{[%clk 1:29:15]} d6 {[%clk 1:31:24]} 5. d4 {[%clk 1:29:31]} cxd4 {[%clk 1:31:35]}
6. Nxd4 {[%clk 1:29:55]} Bg7 {[%clk 1:31:37]} 7. Be2 {[%clk 1:30:10]} O-O
{[%clk 1:31:00]} 8. O-O {[%clk 1:30:35]} Nc6 {[%clk 1:29:48]} 9. Be3
{[%clk 1:29:13]} Bd7 {[%clk 1:27:35]} 10. Nc2 {[%clk 1:29:26]} Rc8
{[%clk 1:22:20]} 11. Qd2 {[%clk 1:24:54]} Ne5 {[%clk 1:13:33]} 12. b3
{[%clk 1:21:18]} a6 {[%clk 1:12:33]} 13. f4 {[%clk 1:00:47]} Neg4
{[%clk 1:11:25]} 14. Bxg4 {[%clk 1:00:55]} Nxg4 {[%clk 1:11:06]} 15. Bd4
{[%clk 1:01:04]} e5 {[%clk 1:08:09]} 16. fxe5 {[%clk 1:00:58]} dxe5
{[%clk 1:08:20]} 17. Be3 {[%clk 1:01:02]} Nxe3 {[%clk 1:07:02]} 18. Nxe3
{[%clk 1:01:10]} Bh6 {[%clk 1:07:09]} 19. Ncd5 {[%clk 0:56:08]} Be6
{[%clk 1:05:50]} 20. Qf2 {[%clk 0:52:24]} b5 {[%clk 1:03:29]} 21. Rad1
{[%clk 0:51:09]} Bg7 {[%clk 0:58:39]} 22. Rd2 {[%clk 0:37:10]} f5
{[%clk 0:55:42]} 23. exf5 {[%clk 0:31:22]} Bxf5 {[%clk 0:54:28]} 24. Nxf5
{[%clk 0:28:18]} Rxf5 {[%clk 0:54:29]} 25. Qb6 {[%clk 0:26:32]} Qxb6+
{[%clk 0:45:18]} 26. Nxb6 {[%clk 0:26:59]} Rc6 {[%clk 0:45:46]} 27. Rd8+
{[%clk 0:14:34]} Kf7 {[%clk 0:45:58]} 28. Rd7+ {[%clk 0:14:52]} Ke6
{[%clk 0:39:08]} 29. Rxg7 {[%clk 0:13:44]} Rxb6 {[%clk 0:39:32]} 30. Rxf5
{[%clk 0:11:53]} Kxf5 {[%clk 0:39:42]} 31. c5 {[%clk 0:10:17]} Rc6
{[%clk 0:39:59]} 32. b4 {[%clk 0:10:43]} a5 {[%clk 0:35:48]} 33. a3
{[%clk 0:10:43]} axb4 {[%clk 0:35:41]} 34. axb4 {[%clk 0:11:11]} Ke4
{[%clk 0:35:48]} 35. Rb7 {[%clk 0:08:03]} Kd3 {[%clk 0:33:37]} 36. Rxb5
{[%clk 0:07:30]} e4 {[%clk 0:33:42]} 37. Rb8 {[%clk 0:05:44]} Ke2
{[%clk 0:29:56]} 38. Re8 {[%clk 0:05:38]} e3 {[%clk 0:30:21]} 39. Re5
{[%clk 0:05:29]} Ra6 {[%clk 0:30:40]} 40. h3 {[%clk 0:05:34]} Ra1+
{[%clk 0:29:20]} 41. Kh2 {[%clk 0:06:03]} Rb1 {[%clk 0:29:43]} 42. c6
{[%clk 0:05:33]} Rxb4 {[%clk 0:29:57]} 43. Rc5 {[%clk 0:05:58]} Rb8
{[%clk 0:30:25]} 44. Kg3 {[%clk 0:05:26]} Kd3 {[%clk 0:30:02]} 45. Rd5+
{[%clk 0:05:24]} Ke4 {[%clk 0:26:55]} 46. Rd7 {[%clk 0:04:56]} Rb1
{[%clk 0:26:30]} 47. Re7+ {[%clk 0:04:30]} Kd3 {[%clk 0:26:40]} 48. c7
{[%clk 0:04:43]} Rc1 {[%clk 0:27:07]} 49. Kf3 {[%clk 0:04:59]} Rf1+
{[%clk 0:24:19]} 50. Kg3 {[%clk 0:05:27]} Rc1 {[%clk 0:24:10]} 51. Kf3
{[%clk 0:05:51]} 1/2-1/2